Văn hóa dân gian Phú Nhiêu

Giới thiệu về vùng đất, con người, phong tục tập quán, tín ngưỡng, văn học dân gian và nghệ thuật ẩm thực dân gian của làng Phú Nhiêu, xã Quang Trung, huyện Phú Xuyên, Hà Nội

Gardado en:
Detalles Bibliográficos
Autor Principal: Lương Đức Nghi
Outros autores: Vũ Quang Dũng
Formato: Libro
Idioma:Vietnamese
Publicado: H. Văn hoá dân tộc 2011
Những chủ đề:
Các nhãn: Engadir etiqueta
Sen Etiquetas, Sexa o primeiro en etiquetar este rexistro!
Thư viện lưu trữ: Mạng thư viện Đại học Đà Nẵng
LEADER 01516aam a22003858a 4500
001 000015940
003 12328
005 20120606150602.0
008 120606s2011 viesd
020 |a 9786047000470  |d 2000b 
041 0 |a vie 
082 1 4 |2 14  |a 390.0959731  |b LƯ-N 
100 1 |a Lương Đức Nghi 
245 1 0 |a Văn hóa dân gian Phú Nhiêu  |c Lương Đức Nghi, Vũ Quang Dũng 
260 |a H.  |b Văn hoá dân tộc  |c 2011 
300 |a 395tr.  |b ảnh  |c 21cm 
500 |a ĐTTS ghi: Hội Văn nghệ dân gian Việt Nam 
504 |a Phụ lục: tr. 299-392 
520 |a Giới thiệu về vùng đất, con người, phong tục tập quán, tín ngưỡng, văn học dân gian và nghệ thuật ẩm thực dân gian của làng Phú Nhiêu, xã Quang Trung, huyện Phú Xuyên, Hà Nội 
650 7 |2 Bộ TK TVQG  |a Văn hoá dân gian 
650 7 |2 Bộ TK TVQG  |a Làng 
651 4 |a Phú Nhiêu 
651 7 |2 Bộ TK TVQG  |a Phú Xuyên 
651 7 |2 Bộ TK TVQG  |a Hà Nội 
700 1 |a Vũ Quang Dũng 
OWN |a LSP 
AVA |a UDN50  |b LSP  |d 390.0959731 LƯ-N  |e available  |t Error 5001 Not defined in file expand_doc_bib_avail.  |f 1  |g 0  |h N  |i 0  |k 1 
999 |a From the UDN01 
AVA |a UDN50  |b LSP  |d 390.0959731 LƯ-N  |e available  |t Error 5001 Not defined in file expand_doc_bib_avail.  |f 1  |g 0  |h N  |i 0  |k 1 
TYP |a Monograph 
TYP |a Printed language 
980 |a Mạng thư viện Đại học Đà Nẵng